<?xml version="1.0" encoding="UTF-8"?>
<record
    xmlns:xsi="http://www.w3.org/2001/XMLSchema-instance"
    xsi:schemaLocation="http://www.loc.gov/MARC21/slim http://www.loc.gov/standards/marcxml/schema/MARC21slim.xsd"
    xmlns="http://www.loc.gov/MARC21/slim">

  <leader>00522nam a2200181Ia 4500</leader>
  <controlfield tag="003">OSt</controlfield>
  <controlfield tag="005">20260204102054.0</controlfield>
  <datafield tag="020" ind1=" " ind2=" ">
    <subfield code="a">0-7131-8268-7</subfield>
  </datafield>
  <datafield tag="040" ind1=" " ind2=" ">
    <subfield code="c">LIBRARY OF CONGRESS</subfield>
  </datafield>
  <datafield tag="050" ind1=" " ind2=" ">
    <subfield code="a">PE 1128 .L681986 C.1</subfield>
  </datafield>
  <datafield tag="100" ind1=" " ind2=" ">
    <subfield code="a">LOTT, BERNARD </subfield>
  </datafield>
  <datafield tag="245" ind1=" " ind2="0">
    <subfield code="a">A COURSE IN ENGLISH LANGUAGE AND LITERATURE </subfield>
  </datafield>
  <datafield tag="260" ind1=" " ind2=" ">
    <subfield code="a">AUSTRALIA</subfield>
    <subfield code="b">EDWARD ARNOLD PTY LTD</subfield>
    <subfield code="c">1986</subfield>
  </datafield>
  <datafield tag="300" ind1=" " ind2=" ">
    <subfield code="a">VIII,175P.</subfield>
  </datafield>
  <datafield tag="500" ind1=" " ind2=" ">
    <subfield code="a">INCLUDES INDEX</subfield>
  </datafield>
  <datafield tag="600" ind1=" " ind2=" ">
    <subfield code="a">1.	ENGLISH LITERATURE--STUDY AND TEACHING 2.	ENGLISH LANGUAGE--RHETORIC</subfield>
  </datafield>
  <datafield tag="942" ind1=" " ind2=" ">
    <subfield code="c">BK</subfield>
    <subfield code="2">lcc</subfield>
  </datafield>
  <datafield tag="999" ind1=" " ind2=" ">
    <subfield code="c">173710</subfield>
    <subfield code="d">173710</subfield>
  </datafield>
  <datafield tag="952" ind1=" " ind2=" ">
    <subfield code="0">0</subfield>
    <subfield code="1">0</subfield>
    <subfield code="2">lcc</subfield>
    <subfield code="4">0</subfield>
    <subfield code="7">0</subfield>
    <subfield code="8">ARTS</subfield>
    <subfield code="a">KSUL</subfield>
    <subfield code="b">KSUL</subfield>
    <subfield code="c">DISPLAY</subfield>
    <subfield code="d">2024-05-20</subfield>
    <subfield code="i">03683</subfield>
    <subfield code="l">0</subfield>
    <subfield code="o">PE 1128 .L68 1986</subfield>
    <subfield code="p">000000004028</subfield>
    <subfield code="r">2024-05-20 16:31:00</subfield>
    <subfield code="t">1</subfield>
    <subfield code="w">2024-05-20</subfield>
    <subfield code="y">BK</subfield>
  </datafield>
  <datafield tag="952" ind1=" " ind2=" ">
    <subfield code="0">0</subfield>
    <subfield code="1">0</subfield>
    <subfield code="2">lcc</subfield>
    <subfield code="4">0</subfield>
    <subfield code="7">0</subfield>
    <subfield code="8">ARTS</subfield>
    <subfield code="a">KSUL</subfield>
    <subfield code="b">KSUL</subfield>
    <subfield code="c">DISPLAY</subfield>
    <subfield code="d">2024-05-21</subfield>
    <subfield code="i">34179</subfield>
    <subfield code="l">0</subfield>
    <subfield code="o">PE 1128 .L68 1986</subfield>
    <subfield code="p">048238</subfield>
    <subfield code="r">2024-05-21 15:46:00</subfield>
    <subfield code="t">3</subfield>
    <subfield code="w">2024-05-21</subfield>
    <subfield code="y">BK</subfield>
  </datafield>
  <datafield tag="952" ind1=" " ind2=" ">
    <subfield code="0">0</subfield>
    <subfield code="1">0</subfield>
    <subfield code="2">lcc</subfield>
    <subfield code="4">0</subfield>
    <subfield code="7">0</subfield>
    <subfield code="8">ARTS</subfield>
    <subfield code="a">KSUL</subfield>
    <subfield code="b">KSUL</subfield>
    <subfield code="c">DISPLAY</subfield>
    <subfield code="d">2024-05-21</subfield>
    <subfield code="i">20856</subfield>
    <subfield code="l">0</subfield>
    <subfield code="o">PE 1128 .L68 1986</subfield>
    <subfield code="p">048204</subfield>
    <subfield code="r">2024-05-21 16:46:00</subfield>
    <subfield code="t">2</subfield>
    <subfield code="w">2024-05-21</subfield>
    <subfield code="y">BK</subfield>
  </datafield>
</record>
